Score 0/20 Timer 02:00
0 Plays Today
Movie Missing Word % Correct
Rise of the ____ of the ApesPlanet
96.3%
Pineapple ____Express
87%
Eat ____ LovePray
86.9%
Date ____Night
83.1%
Oz the ____ and PowerfulGreat
81.7%
Never Been ____Kissed
79.8%
____'s GoldFool
62%
City by the ____Sea
53.5%
____ & IsoldeTristan
53.2%
____ Hours127
52.3%
Movie Missing Word % Correct
____-ManSpider
47.1%
____ It TakesWhatever
29.3%
____ BreakersSpring
28.7%
In the ____ of ElahValley
27.2%
Your ____Highness
16.4%
An ____ CrimeAmerican
14.8%
The Dead ____Girl
3.3%
The ____ TowerBroken
3.3%
About ____Cherry
2.5%
The Great ____Raid
2.4%

Today's Daily Dose

Remove Ads.
Support Sporcle.
Get the best of Sporcle when you Go Orange. This ad-free experience offers more features, more stats, and more fun while also helping to support Sporcle. Thank you for becoming a member.

You're not logged in!

Compare scores with friends on all Sporcle quizzes.
OR
Log In

Show Comments

Extras

Top Quizzes Today


Score Distribution

Your Account Isn't Verified!

In order to create a playlist on Sporcle, you need to verify the email address you used during registration. Go to your Sporcle Settings to finish the process.

Report this User

Report this user for behavior that violates our Community Guidelines.

Details: